01000cam a22003013a 450000100060000000300060000600500170001200800410002904000150007004200070008505000070009210000320009924500630013126000290019450600300022351600200025365300630027365300370033665300340037365300300040765300640043765300350050165300310053665300420056770000180060983000290062785600420065625630PGUSA20140828083542.0080528s2008||||xxu|||||s|||||000 1 eng d aPGUSAbeng adc 4aPZ1 aRaymond, Evelyn,d1843-191010aDorothy's Travelsh[electronic resource] /cEvelyn Raymond bProject Gutenberg,c2008 aPublic domain in the USA. aElectronic text aYoung women -- Social life and customs -- Juvenile fiction aOcean travel -- Juvenile fiction aMusicians -- Juvenile fiction aGirls -- Juvenile fiction aChester, Dorothy (Fictitious character) -- Juvenile fiction aFoundlings -- Juvenile fiction aTravel -- Juvenile fiction aBoats and boating -- Juvenile fiction1 aSchneider, S. 0aProject Gutenbergv2563040uhttp://www.gutenberg.org/ebooks/25630